000 00306 a2200121 4500
001 47358
040 _cAnchieta - Aquarius
100 _aWaddel, Martin
240 1 0 _aVocê não consegue dormir, ursinho?
_lpor
245 1 0 _aVocê não consegue dormir, ursinho?
650 4 _aLiteratura infantil
942 _cBK
999 _c47358
_d47358